War and Christianity : an address before the American Peace Society, on the fourteenth anniversary in Boston, Mass., May 23, 1842 /

Bibliographic Details
Main Author: Coues, Samuel Elliott, 1797-1867
Format: Book
Language:English
Published: Boston : American Peace Society, 1842.
Subjects:

MARC

Tag First Indicator Second Indicator Subfields
LEADER 00000cam a2200000 4500
001 in00000659421
005 20151015085105.0
008 801002r18421842miu a 01010 eng d
035 |a (OCoLC)06778339 
035 |9 ACY2629AM 
040 |a EEU  |c TXA  |d UtOrBLW 
049 |a TXAI 
090 |a JX1963  |b .C83 
099 |a film  |a B  |a 1512  |a reel  |a 391.12 
100 1 |a Coues, Samuel Elliott,  |d 1797-1867. 
245 1 0 |a War and Christianity :  |b an address before the American Peace Society, on the fourteenth anniversary in Boston, Mass., May 23, 1842 /  |c by Samuel E. Coues. 
264 1 |a Boston :  |b American Peace Society,  |c 1842. 
300 |a 26 pages ;  |c 24 cm. 
336 |a text  |b txt  |2 rdacontent 
337 |a microform  |b h  |2 rdamedia 
338 |a microfilm reel  |b hd  |2 rdacarrier 
500 |a Published by request of the society. 
500 |a Microfilm. Ann Arbor, Mich., University Microfilms [n.d.] (American culture series, Reel 391.12) 
500 |a Microform. 
650 0 |a War. 
650 0 |a War  |x Religious aspects. 
999 |a MARS 
999 f f |s f32b9da8-3f69-3ffb-bcce-e4a5a033a42f  |i fc37b5e3-5ec4-35f0-ae99-bca34d9871be  |t 0 
952 f f |p default  |a Texas A&M University  |b College Station  |c Sterling C. Evans Library  |d Evans: Microforms (3rd floor)  |t 0  |e film B 1512 reel 391.12  |h Other scheme  |i microform -- microfilm reel 
998 f f |a film B 1512 reel 391.12  |t 0  |l Evans: Microforms (3rd floor)